000 00882nam a22001815i 4500
001 173813
003 ES-MaACL
005 20230906215343.0
008 100122s1872 sp |||| | spa d
100 1 _aGranés, Salvador María.
_9127535
245 1 3 _aLa fuerza de voluntad
_b: zarzuela cómica en un acto y en verso /
_coriginal de Salvador María Granés ; música del maestro B. de Monfort.
260 _aMadrid :
_b[s.n.],
_c1872 (
_fImp. de José Rodríguez)
300 _a27 p. ;
_c17 cm.
500 _aEn port.: Representada por primera vez en el Teatro de la Risa (Circo de Paul), el día 19 de abril de 1872.
500 _aSolo la letra.
700 1 _aMonfort, Benito de.
_9142007
852 _aES-MaACL
_jF-8616(8)
_z.- Enc. pasta española
_q.- Falto de la cub. original
_z.- Enc. en un vol. facticio formando parte de la col. facticia "Teatro español moderno", vol. 71
999 _c173813
_d173813